MARC details
| 000 -LEADER |
| fixed length control field |
03378cam a2200349 i 4500 |
| 001 - CONTROL NUMBER |
| control field |
21408523 |
| 003 - CONTROL NUMBER IDENTIFIER |
| control field |
GZU |
| 005 - DATE AND TIME OF LATEST TRANSACTION |
| control field |
20240520115613.0 |
| 008 - FIXED-LENGTH DATA ELEMENTS--GENERAL INFORMATION |
| fixed length control field |
200129s2021 moua b 001 0 eng |
| 010 ## - LIBRARY OF CONGRESS CONTROL NUMBER |
| LC control number |
2020932118 |
| 020 ## - INTERNATIONAL STANDARD BOOK NUMBER |
| International Standard Book Number |
9780323661829 |
| Qualifying information |
(paperback) |
| 020 ## - INTERNATIONAL STANDARD BOOK NUMBER |
| Canceled/invalid ISBN |
9780323674478 |
| Qualifying information |
(ebook) |
| 022 ## - INTERNATIONAL STANDARD SERIAL NUMBER |
| International Standard Serial Number |
. |
| 040 ## - CATALOGING SOURCE |
| Original cataloging agency |
DLC |
| Language of cataloging |
eng |
| Description conventions |
rda |
| Transcribing agency |
DLC |
| 042 ## - AUTHENTICATION CODE |
| Authentication code |
pcc |
| 050 00 - LIBRARY OF CONGRESS CALL NUMBER |
| Classification number |
RC440 |
| Item number |
VAL 2021 |
| 100 1# - MAIN ENTRY--PERSONAL NAME |
| Personal name |
Morrison-Valfre, Michelle, |
| Relator term |
author. |
| 245 10 - TITLE STATEMENT |
| Title |
Foundations of mental health care/ |
| Statement of responsibility, etc. |
Michelle Morrison-Valfre. |
| 250 ## - EDITION STATEMENT |
| Edition statement |
Seventh edition. |
| 264 #1 - PRODUCTION, PUBLICATION, DISTRIBUTION, MANUFACTURE, AND COPYRIGHT NOTICE |
| Place of production, publication, distribution, manufacture |
St. Louis, Missouri: |
| Name of producer, publisher, distributor, manufacturer |
Elsevier, Inc., |
| Date of production, publication, distribution, manufacture, or copyright notice |
[2021] |
| 300 ## - PHYSICAL DESCRIPTION |
| Extent |
xviii, 437 pages: |
| Other physical details |
illustrations (chiefly color); |
| Dimensions |
28 cm |
| 336 ## - CONTENT TYPE |
| Content type term |
text |
| Content type code |
txt |
| Source |
rdacontent |
| 337 ## - MEDIA TYPE |
| Media type term |
unmediated |
| Media type code |
n |
| Source |
rdamedia |
| 338 ## - CARRIER TYPE |
| Carrier type term |
volume |
| Carrier type code |
nc |
| Source |
rdacarrier |
| 504 ## - BIBLIOGRAPHY, ETC. NOTE |
| Bibliography, etc. note |
Includes bibliographical references (pages 408-416) and index. |
| 505 ## - FORMATTED CONTENTS NOTE |
| Formatted contents note |
Unit I: The history of mental health care. Current mental health care systems -- Ethical and legal issues -- Sociocultural issues -- Theories and therapies -- Complementary and alternative therapies -- Psychotherapeutic drug therapy -- Unit II: The caregiver's therapeutic skills. Principles and skills of mental health care -- Mental health assessment skills -- Therapeutic communication -- The therapeutic relationship -- The therapeutic environment -- Unit III: Mental health problems throughout the life cycle. Problems of childhood -- Problems of adolescence -- Problems of adulthood -- Problems of late adulthood -- Cognitive impairment, Alzheimer's disease, and dementia -- Unit IV: Clients with psychological problems. Managing anxiety -- Illness and hospitalization -- Loss and grief -- Depression and other mood disorders -- Physical problems, psychological sources -- Eating and sleeping disorders -- Dissociative disorders -- Unit V: Clients with psychosocial problems. Anger and aggression -- Outward-focused emotions: violence -- Inward-focused emotions: suicide -- Substance-related disorders -- Sexual disorders -- Personality disorders -- Schizophrenia and other psychoses -- Chronic mental health disorders -- Challenges for the future -- Appendix A: Mental status assessment at a glance -- Appendix B: A simple assessment of Tardive Dyskinesia symptoms -- References -- Bibliography -- Glossary -- Index. |
| 520 ## - SUMMARY, ETC. |
| Summary, etc. |
Build a broad fundamental knowledge of mental health concepts and disorders! "Foundations of Mental Health Care, 7th Edition" uses an easy-to-read, multi-disciplinary approach to describe the treatment of clients with mental health disorders. Ideal for nurses and other caregivers, this guide provides in-depth coverage of issues and principles, therapeutic skills, mental health problems throughout the lifecycle, and specific psychological and psychosocial conditions. This edition is updated with the latest information on violence, suicide, substance abuse, and more. Written by expert educator Michelle Morrison-Valfre, this resource enables you to provide effective therapy to clients with a wide range of maladaptive behaviors. -- From product description. |
| 650 #0 - SUBJECT ADDED ENTRY--TOPICAL TERM |
| Topical term or geographic name entry element |
Psychiatric nursing. |
| 906 ## - LOCAL DATA ELEMENT F, LDF (RLIN) |
| a |
7 |
| b |
cbc |
| c |
orignew |
| d |
2 |
| e |
epcn |
| f |
20 |
| g |
y-gencatlg |
| 942 ## - ADDED ENTRY ELEMENTS (KOHA) |
| Source of classification or shelving scheme |
Library of Congress Classification |
| Koha item type |
Books |
| Edition |
Seventh edition |
| Classification part |
440 |
| Item part |
VAL |
| Call number prefix |
RC |